| 000 | 00628nam a2200193Ia 4500 | ||
|---|---|---|---|
| 003 | LDD | ||
| 008 | 190117s9999 xx 000 0 und d | ||
| 020 |
_a9788126722600 _c₹150 |
||
| 040 | _cLDD | ||
| 041 | _ahi | ||
| 082 | _a8H1.71 नि69201जी | ||
| 100 | _aनिशान्त | ||
| 245 | 0 |
_aजी हाँ, लिख रहा हुँ... _cनिशान्त |
|
| 260 |
_aनई दिल्ली _bराजकमल प्रकाशन _c2012 |
||
| 300 | _a107पृ. | ||
| 901 | _aRAJ | ||
| 904 | _aReqst by : J.M. Parakh | ||
| 942 |
_2ddc _cH |
||
| 999 |
_c162511 _d162511 |
||